|
|
|
|
| LEADER |
00000nab a2200000 ar4500 |
| 001 |
vtls009145623 |
| 003 |
SK-MaSNL |
| 005 |
20260304201438.0 |
| 008 |
071002c2007 xo mr|p|||||||000 b|slo |
| 015 |
|
|
|a SNBRB2007/10
|
| 038 |
|
|
|a SNSK
|
| 040 |
|
|
|a SNSK
|b slo
|c SNSK
|e AACR2
|
| 041 |
|
|
|a slo
|
| 044 |
|
|
|a xo
|c SK
|
| 080 |
|
|
|a 78.071.1
|2 2001
|
| 080 |
|
|
|a 784.66
|2 2001
|
| 080 |
|
|
|a 929 Žbirka, Miroslav
|2 2001
|
| 100 |
1 |
|
|a Boronkayová, Felícia
|4 aut
|9 838746
|
| 245 |
1 |
0 |
|a Zmúdrel som
|b Miro Žbirka so synom hovorí nielen o muzike, ale aj o problémečo na seba
|c Felícia Boronkayová
|
| 300 |
|
|
|b Fotogr.
|
| 600 |
1 |
7 |
|a Žbirka, Miroslav,
|d 1952-2021
|2 snsk
|9 99952
|
| 650 |
0 |
7 |
|a populárna hudba
|2 snsk
|9 3428
|
| 773 |
0 |
|
|t Život
|g Roč. 57, č. 39 (2007), s. 10-12
|x 0139-6323
|
| 852 |
|
|
|a SNSK
|b KIS3GCP
|
| 958 |
|
|
|a BX
|
| 999 |
|
|
|c 3095021
|d 3096951
|